Food preservation and irradiation

Bibliographic Details
Main Author: Mahindru, S.N
Format: Book
Published: New Delhi : APH Publishing corporation , 2005
Subjects:

MARC

LEADER 00000cam a2200000 7i4500
001 0000020397
005 20080626.0
008 080626
020 |a 8176489263 
090 0 0 |a 664.0288   |b MAH 
100 1 |a Mahindru, S.N. 
245 1 0 |a Food preservation and irradiation   |c S.N. Mahindru 
260 |a New Delhi :   |b APH Publishing corporation ,   |c 2005 
650 0 |a Radiation preservation of food 
999 |a 0001025897   |b Book   |c Adult Collection   |e Cawangan Urban Transformation Centre